| 000 | 00798nim a2200265 i 4500 | ||
|---|---|---|---|
| 001 | bgj | ||
| 100 | 1 | _aREVELL, Jane | |
| 245 | 1 | 0 |
_aListening : _badvanced / _cJane Revall, Barry Breary. |
| 250 | _a[3rd impr.]. | ||
| 260 |
_aOxford : _bOxford University Press, _c1990. |
||
| 300 | _aset of 2 audio cassetes. | ||
| 490 | 1 | _aOxford Supplementary Skills / Alan Maley, editor | |
| 500 | _a1st published in 1988. | ||
| 650 | 9 |
_aEnglish language _xListening |
|
| 655 | _aTextbooks for foreigners | ||
| 700 | 1 |
_aBREARY, Barry. _eco-author |
|
| 700 | 1 |
_aMALEY, Alan. _eeditor |
|
| 830 | 0 | _aOxford Supplementary Skills (Alan Maley, editor) | |
| 020 | _a0194534235 | ||
| 040 | _cBPK | ||
| 041 | 0 | _aeng | |
| 920 | _a0-19-453423-5 | ||
| 942 | _cTM | ||
| 008 | s uk f |000 0 eng | ||
| 999 |
_c50075 _d50075 |
||
| 856 |
_uhttp://koha.tu.koszalin.pl/cgi-bin/koha/opac-detail.pl?biblionumber=50075 _yKatalog online BPK |
||